| 000 | 00539cam a2200193 4500 | ||
|---|---|---|---|
| 001 | 5532 | ||
| 005 | 20181127175722.0 | ||
| 008 | 991209s2001 mau 001 0 eng | ||
| 010 | _a 99089434 | ||
| 020 | _a9780572030544 (pbk.) | ||
| 042 | _apcc | ||
| 100 | 1 |
_aSmith, Jo Durden. _d |
|
| 245 | 1 | 4 |
_aThe essence of Buddhism / _bJo Durden Smith. _cby Traleg Kyabgon. |
| 260 |
_aLondon : _bArcturus, _c2006. |
||
| 300 |
_a239 p. ; _c23 cm. |
||
| 500 | _aIncludes index. | ||
| 650 | 0 |
_aBuddhism _xDoctrines. |
|
| 650 | 0 |
_aReligious life _xBuddhism. |
|
| 999 |
_c4658 _d4658 |
||